| 000 | 00471nam a2200169Ia 4500 | ||
|---|---|---|---|
| 008 | 220216s9999 xx 000 0 und d | ||
| 100 | _aGarcia Luiz Claudio | ||
| 245 | 0 | _aAnalysis of nozzle type and spraying volume of a fungicide applied on the bean crops | |
| 260 |
_bBragantia _c2002 |
||
| 300 | _a291-295 | ||
| 650 | _aLeaf area | ||
| 650 | _aProductivity | ||
| 650 | _aSeverity | ||
| 700 | _aJustino Altair | ||
| 700 | _aRamos Hamilton Humberto | ||
| 942 | _cJS | ||
| 999 |
_c54237 _d54237 |
||